000 00660nam a2200277Ia 4500
003 OSt
005 20221007110406.0
006 a|||||r|||| 00| 0
007 ta
008 221006b |||||||| |||| 00| 0 eng d
020 _a0273023438
024 _a21,043
037 _cTextual
040 _aLCO
_cLCO
_beng
041 _2eng
_aeng
082 _aZ3, M6
100 _aSmith
245 0 _aEnglish Law
250 _a8th
260 _aLondon
_bPitman Publishing Ltd. U.K.
_c1986
300 _a860
650 _aENGLISH LAW
700 _a Keenan Denis
942 _hZ3, M6
_cTEXL
999 _c1190606
_d1190606